000
00327 a2200157 4500
001
188747
020
_a
0-19-423043-0
040
_c
Magnum
100
_a
Escott, John
240
1
0
_a
The scarlet letter
_l
por
245
1
0
_a
The scarlet letter
300
_a
88
362
0
_a
2004
697
_a
LITERATURA INGLESA
942
_c
BK
999
_c
188747
_d
188747